00309pab a2200121 454500008004000000100001600040245005400056260000900110300000900119362001100128650001500139773003300154180718b1988 xxu||||| |||| 00| 0 eng d aPeters, Tom aFacing up to the need for a management revolution c1988 a7-38 aWinter aManagement aCalifornia Management Review